000 00528nam a2200205Ia 4500
008 240729s9999 xx 000 0 und d
022 _a2673-8023
245 0 _aMicro
260 _aSwitzerland
260 _bMDPI AG
650 _a Chemistry
650 _a Microbiology | Science
650 _a Microscopy | Science
650 _a Natural history (General)
650 _a Physics | Science
650 _aScience
856 _uhttps://doaj.org/toc/ddbdbe3717604c9588c5909261500df5
942 _2ddc
942 _cDOAJEJ
999 _c68446
_d68446
945 _a1
_bMadushi Gamage
_c1
_dMadushi Gamage